| 000 | 004880000a22001810004500 | ||
|---|---|---|---|
| 003 | MACL | ||
| 005 | 20150819165822.0 | ||
| 008 | 150819b xxu||||| |||| 00| 0 eng d | ||
| 040 |
_aMACL _cMACL |
||
| 041 | _aEnglish | ||
| 082 | _a600/GEO | ||
| 100 |
_aGeorge, Jacob _96348 |
||
| 245 | _aHousehold Energy Use Pattern With Levels Of Development | ||
| 260 |
_bNational Institute Of Rural Development _c1991 _aHyderabad |
||
| 350 | _a45 | ||
| 650 |
_aTechnology _959 |
||
| 942 |
_cBK _k600 _2ddc |
||
| 999 |
_c4095 _d4095 |
||